[Event "Tenerife-chT Segunda"]
[Site "Tenerife"]
[Date "2023.02.11"]
[Round "5.3"]
[White "Mora Orta, Rebeca"]
[Black "Iriarte Callejas, Joaquin"]
[Result "1/2-1/2"]
[WhiteElo "1269"]
[BlackElo "1574"]
[PlyCount "63"]
[EventDate "2023.01.14"]
[EventType "team-tourn"]
[EventRounds "14"]
[EventCountry "ESP"]
[SourceTitle "EXT 2024"]
[Source "ChessBase"]
[SourceDate "2023.10.10"]
[SourceVersion "1"]
[SourceVersionDate "2023.10.10"]
[SourceQuality "1"]
[WhiteTeam "Puerto de la Cruz Piratas II"]
[BlackTeam "Ebano Barrio Nuevo III"]
[WhiteTeamCountry "ESP"]
[BlackTeamCountry "ESP"]

1. e4 c5 2. Nc3 e6 3. Bc4 Nc6 4. d3 a6 5. a4 Nf6 6. f4 d5 7. exd5 exd5 8. Qe2+ Be7 9. Bb3 Bg4 10. Qf2 Nd4 11. Ba2 Qd6 12. h3 Bd7 13. Nf3 Qe6+ 14. Ne5 0-0 15. 0-0 b5 16. Re1 Qd6 17. Nxd7 Qxd7 18. Be3 Nf5 19. Bxc5 Bxc5 20. Qxc5 d4 21. Nd5 Nxd5 22. Qxd5 Qc8 23. axb5 axb5 24. Bb3 Rxa1 25. Rxa1 g6 26. Qxb5 Qd8 27. Ra7 Qh4 28. Qe5 Ne3 29. Rxf7 Qe1+ 30. Kh2 Nf1+ 31. Kg1 Ne3+ 32. Kh2 1/2-1/2

[Event "Tenerife-chT Segunda 1920"]
[Site "Tenerife"]
[Date "2020.02.08"]
[Round "6.2"]
[White "Gonzalez Miranda, Alejandro"]
[Black "Iriarte Callejas, Joaquin"]
[Result "0-1"]
[WhiteElo "1328"]
[BlackElo "1560"]
[PlyCount "26"]
[EventDate "2019.11.30"]
[EventType "team-tourn"]
[EventRounds "14"]
[EventCountry "ESP"]
[SourceTitle "CBM 195 Extra"]
[Source "ChessBase"]
[SourceDate "2020.05.31"]
[SourceVersion "1"]
[SourceVersionDate "2020.05.31"]
[SourceQuality "1"]
[WhiteTeam "Santa Ursula Badnor"]
[BlackTeam "Benito"]
[WhiteTeamCountry "ESP"]
[BlackTeamCountry "ESP"]

1. e4 c5 2. Nf3 Nc6 3. d4 cxd4 4. Nxd4 e5 5. Nb3 Nf6 6. Nc3 Bb4 7. Bd2 Bxc3 8. Bxc3 Nxe4 9. Qd3 d5 10. f3 Qh4+ 11. g3 Nxg3 12. Rg1 Ne4+ 13. Kd1 Nf2+ 0-1

[Event "Tenerife-chT Segunda 1920"]
[Site "Tenerife"]
[Date "2020.01.04"]
[Round "4.3"]
[White "Iriarte Callejas, Joaquin"]
[Black "Marrero Hernandez, Roberto Javier"]
[Result "1-0"]
[WhiteElo "1560"]
[BlackElo "1431"]
[PlyCount "87"]
[EventDate "2019.11.30"]
[EventType "team-tourn"]
[EventRounds "14"]
[EventCountry "ESP"]
[SourceTitle "CBM 195 Extra"]
[Source "ChessBase"]
[SourceDate "2020.05.31"]
[SourceVersion "1"]
[SourceVersionDate "2020.05.31"]
[SourceQuality "1"]
[WhiteTeam "Benito"]
[BlackTeam "La Victoria 94 II"]
[WhiteTeamCountry "ESP"]
[BlackTeamCountry "ESP"]

1. f4 d5 2. Nf3 Nc6 3. e3 Nf6 4. Bb5 g6 5. 0-0 Bg7 6. d4 0-0 7. c3 Bg4 8. Nbd2 e6 9. Qe1 Bxf3 10. Nxf3 Ne7 11. b3 Nf5 12. Ba3 Nd6 13. Bd3 Re8 14. Ne5 c6 15. g4 Nde4 16. g5 Nd7 17. Rf3 Nxe5 18. dxe5 Nxg5 19. fxg5 Qxg5+ 20. Qg3 Qxe5 21. Qxe5 Bxe5 22. Raf1 f5 23. c4 dxc4 24. Bxc4 b5 25. Be2 Rad8 26. Bb4 Bc7 27. Rc1 a5 28. Rxc6 Bxh2+ 29. Kxh2 axb4 30. Rc2 Rd5 31. Rf4 Red8 32. Kg3 e5 33. Rxb4 Rb8 34. Bc4 bxc4 35. Rxb8+ Kg7 36. Rxc4 Kh6 37. b4 Kg5 38. Rc5 Rd2 39. Rxe5 h5 40. a4 h4+ 41. Kh3 Kf6 42. Ree8 g5 43. a5 Kf7 44. a6 1-0

[Event "Tenerife-chT Segunda 1718"]
[Site "Tenerife"]
[Date "2018.02.24"]
[Round "10.1"]
[White "Iriarte Callejas, Joaquin"]
[Black "Martinez Martin, Antonio"]
[Result "1/2-1/2"]
[WhiteElo "1605"]
[BlackElo "1314"]
[PlyCount "31"]
[EventDate "2017.11.11"]
[EventType "team-tourn"]
[EventRounds "14"]
[EventCountry "ESP"]
[SourceTitle "EXT 2019"]
[Source "ChessBase"]
[SourceDate "2018.10.10"]
[SourceVersion "1"]
[SourceVersionDate "2018.10.10"]
[SourceQuality "1"]
[WhiteTeam "Al Shah Mat Los Realejos "]
[BlackTeam "Playa San Juan"]
[WhiteTeamCountry "ESP"]
[BlackTeamCountry "ESP"]

1. f4 e6 2. Nf3 b6 3. e3 Bb7 4. b3 Nc6 5. Bb2 Nf6 6. Be2 Bd6 7. 0-0 Be7 8. Ne5 Bc5 9. d4 Bb4 10. Bf3 Nd5 11. Qe2 Bd6 12. c4 Nf6 13. Nc3 a6 14. a3 0-0 15. b4 Bxe5 16. fxe5 1/2-1/2

[Event "Tenerife-chT Segunda 1617"]
[Site "Tenerife"]
[Date "2017.05.06"]
[Round "14.3"]
[White "Iriarte Callejas, Joaquin"]
[Black "Dos Reis Cabrera, Jose Manuel"]
[Result "1-0"]
[WhiteElo "1601"]
[BlackElo "1211"]
[PlyCount "101"]
[EventDate "2016.12.10"]
[EventType "team-tourn"]
[EventRounds "15"]
[EventCountry "ESP"]
[SourceTitle "EXT 2018"]
[Source "ChessBase"]
[SourceDate "2017.10.13"]
[SourceVersion "1"]
[SourceVersionDate "2017.10.13"]
[SourceQuality "1"]
[WhiteTeam "Al Shah Mat Los Realejos II"]
[BlackTeam "Circulo de Amistad III"]
[WhiteTeamCountry "ESP"]
[BlackTeamCountry "ESP"]

1. f4 Nc6 2. Nf3 e6 3. e3 Nf6 4. b3 Bb4 5. a3 Ba5 6. c4 d6 7. b4 Bb6 8. d4 a6 9. Bd3 Ne7 10. 0-0 0-0 11. Nc3 c5 12. d5 exd5 13. Nxd5 Nfxd5 14. cxd5 Bg4 15. Bxh7+ Kh8 16. Bc2 cxb4 17. h3 Bf5 18. Bxf5 Nxf5 19. Ng5 Qf6 20. Qh5+ Qh6 21. Nxf7+ Rxf7 22. Qxf7 Bxe3+ 23. Bxe3 Nxe3 24. Rfe1 Nc2 25. Re8+ Rxe8 26. Qxe8+ Kh7 27. Qe4+ Qg6 28. f5 Qf6 29. Rc1 b3 30. Rb1 Qd4+ 31. Qxd4 Nxd4 32. g4 a5 33. a4 Kh6 34. Kf2 Kg5 35. Ke3 Nc2+ 36. Kd3 Nb4+ 37. Kc4 Kh4 38. Rxb3 b6 39. Rxb4 axb4 40. Kxb4 Kxh3 41. Kb5 Kxg4 42. Kxb6 Kxf5 43. a5 g5 44. a6 g4 45. a7 g3 46. a8Q Kf4 47. Qg8 Kf3 48. Kc6 g2 49. Kxd6 Kf2 50. Kc5 g1Q 51. Qxg1+ 1-0

[Event "Tenerife-chT Segunda 1617"]
[Site "Tenerife"]
[Date "2017.04.22"]
[Round "12.4"]
[White "Martin Diaz, Juan Antonio"]
[Black "Iriarte Callejas, Joaquin"]
[Result "0-1"]
[WhiteElo "1025"]
[BlackElo "1601"]
[PlyCount "22"]
[EventDate "2016.12.10"]
[EventType "team-tourn"]
[EventRounds "15"]
[EventCountry "ESP"]
[SourceTitle "EXT 2018"]
[Source "ChessBase"]
[SourceDate "2017.10.13"]
[SourceVersion "1"]
[SourceVersionDate "2017.10.13"]
[SourceQuality "1"]
[WhiteTeam "La Victoria 94 II"]
[BlackTeam "Al Shah Mat Los Realejos II"]
[WhiteTeamCountry "ESP"]
[BlackTeamCountry "ESP"]

1. e4 c5 2. Nf3 Nc6 3. d4 cxd4 4. Nxd4 e5 5. Nxc6 bxc6 6. Bc4 Nf6 7. f3 Bc5 8. Bg5 Qb6 9. Bb3 Bf2+ 10. Ke2 h6 11. Bxf6 Qe3+ 0-1

[Event "Tenerife-chT Segunda 1516"]
[Site "Tenerife"]
[Date "2016.01.30"]
[Round "6.1"]
[White "Oudeh Mishmesh, Lara"]
[Black "Iriarte Callejas, Joaquin"]
[Result "0-1"]
[WhiteElo "1161"]
[BlackElo "1605"]
[PlyCount "32"]
[EventDate "2015.12.12"]
[EventType "team-tourn"]
[EventRounds "15"]
[EventCountry "ESP"]
[SourceTitle "CBM 170 Extra"]
[Source "ChessBase"]
[SourceDate "2016.02.25"]
[SourceVersion "1"]
[SourceVersionDate "2016.02.25"]
[SourceQuality "1"]
[WhiteTeam "Al Shah Mat Los Realejos III"]
[BlackTeam "Casa de Venezuela II"]
[WhiteTeamCountry "ESP"]
[BlackTeamCountry "ESP"]

1. d4 f5 2. Bf4 Nf6 3. Nf3 e6 4. c4 Bb4+ 5. Nbd2 0-0 6. e3 b6 7. Bd3 Bb7 8. 0-0 Bxd2 9. Nxd2 d6 10. Qb3 Qe7 11. Rfe1 Nbd7 12. Qc2 Nh5 13. a3 g5 14. Bg3 f4 15. exf4 gxf4 16. Bh4 Qxh4 0-1

[Event "Tenerife-chT Primera 1516"]
[Site "Tenerife"]
[Date "2016.01.09"]
[Round "3.4"]
[White "Iriarte Callejas, Joaquin"]
[Black "Afonso Martin, Adasat"]
[Result "1-0"]
[WhiteElo "1605"]
[BlackElo "1673"]
[PlyCount "25"]
[EventDate "2015.12.12"]
[EventType "team-tourn"]
[EventRounds "14"]
[EventCountry "ESP"]
[SourceTitle "CBM 170 Extra"]
[Source "ChessBase"]
[SourceDate "2016.02.25"]
[SourceVersion "1"]
[SourceVersionDate "2016.02.25"]
[SourceQuality "1"]
[WhiteTeam "Casa de Venezuela"]
[BlackTeam "La Victoria 94"]
[WhiteTeamCountry "ESP"]
[BlackTeamCountry "ESP"]

1. f4 d5 2. Nf3 Nf6 3. e3 e6 4. b3 Be7 5. Bb2 b6 6. Ne5 Nbd7 7. Nc6 Ne4 8. Nxd8 Bh4+ 9. g3 Bxd8 10. Bxg7 Rg8 11. Bb2 h5 12. Qxh5 Ndf6 13. Bb5+ 1-0

[Event "Tenerife-chT Segunda"]
[Site "Tenerife"]
[Date "2015.05.16"]
[Round "12.2"]
[White "Diaz Reyes, Killian"]
[Black "Iriarte Callejas, Joaquin"]
[Result "0-1"]
[WhiteElo "1193"]
[BlackElo "1565"]
[PlyCount "80"]
[EventDate "2015.01.24"]
[EventType "swiss"]
[EventRounds "13"]
[EventCountry "ESP"]
[SourceTitle "EXT 2024"]
[Source "ChessBase"]
[SourceDate "2023.10.10"]
[SourceVersion "1"]
[SourceVersionDate "2023.10.10"]
[SourceQuality "1"]
[WhiteTeam "Achinet Gambito de Rey II"]
[BlackTeam "Casa de Venezuela Escuela II"]
[WhiteTeamCountry "ESP"]
[BlackTeamCountry "ESP"]

1. e4 c5 2. Nf3 Nc6 3. d4 cxd4 4. Nxd4 e5 5. Nf3 Nf6 6. Nc3 Bb4 7. Bd3 d5 8. Bg5 d4 9. Bb5 dxc3 10. Qxd8+ Kxd8 11. b3 h6 12. Bxc6 bxc6 13. Nxe5 Ke8 14. Bxf6 gxf6 15. Nxc6 Bc5 16. f3 a5 17. Rd1 Bb7 18. Nd4 Rd8 19. Nb5 Rxd1+ 20. Kxd1 Bb4 21. Ke1 Ke7 22. Kf2 Rd8 23. Kg3 Rd2 24. Rc1 Ba6 25. Nc7 Bd6+ 26. f4 Bxc7 27. Kf3 Bd6 28. g4 Ba3 29. Rh1 Rxc2 30. h4 Rxa2 31. g5 fxg5 32. hxg5 hxg5 33. fxg5 c2 34. g6 fxg6 35. Rh7+ Kf6 36. Rd7 c1Q 37. Rd5 Qc3+ 38. Kf4 Bc1+ 39. Kg4 Rg2+ 40. Kh4 Qg3# 0-1

[Event "Santa Cruz de Tenerife Primavera op"]
[Site "Santa Cruz de Tenerife"]
[Date "2015.03.27"]
[Round "9"]
[White "Ramirez Alvarez, Roberto"]
[Black "Iriarte Callejas, Joaquin"]
[Result "1-0"]
[WhiteElo "2043"]
[BlackElo "1566"]
[PlyCount "70"]
[EventDate "2015.03.10"]
[EventType "swiss"]
[EventRounds "9"]
[EventCountry "ESP"]
[SourceTitle "CBM 165 Extra"]
[Source "ChessBase"]
[SourceDate "2015.04.21"]
[SourceVersion "1"]
[SourceVersionDate "2015.04.21"]
[SourceQuality "1"]

1. d4 f5 2. Nf3 Nf6 3. g3 e6 4. Bg2 d5 5. 0-0 Bd6 6. c4 c6 7. Bf4 Bxf4 8. gxf4 0-0 9. e3 Bd7 10. Nbd2 Be8 11. Ne5 Nbd7 12. Qe2 Bh5 13. f3 Nxe5 14. dxe5 Ne4 15. Nb3 Qb6 16. Rac1 Nc5 17. Nd4 Rae8 18. cxd5 exd5 19. Bh3 Ne6 20. Qd2 Nxd4 21. Qxd4 Qa5 22. a3 Re6 23. Rc2 a6 24. Rg2 Qd8 25. e4 Bg6 26. exd5 cxd5 27. Rd1 Bh5 28. Rg3 Bf7 29. Bxf5 Rc6 30. e6 Bg6 31. Bxg6 hxg6 32. Rxg6 Qe7 33. Qxd5 Rc2 34. Qg5 Qc7 35. e7 Re8 1-0

[Event "Santa Cruz de Tenerife Autumn op"]
[Site "Santa Cruz de Tenerife"]
[Date "2014.11.03"]
[Round "4"]
[White "Iriarte Callejas, Joaquin"]
[Black "Febles Dominguez, Alfonso Jesus"]
[Result "1-0"]
[WhiteElo "1565"]
[BlackElo "1379"]
[PlyCount "68"]
[EventDate "2014.10.27"]
[EventType "swiss"]
[EventRounds "9"]
[EventCountry "ESP"]
[SourceTitle "CBM 163 Extra"]
[Source "ChessBase"]
[SourceDate "2014.12.23"]
[SourceVersion "1"]
[SourceVersionDate "2014.12.23"]
[SourceQuality "1"]

1. c4 Nf6 2. Nc3 Nc6 3. g3 e5 4. Bg2 Be7 5. d3 h6 6. Nf3 d6 7. 0-0 Be6 8. Qb3 Qc8 9. Nd5 Bd8 10. Bd2 0-0 11. Bc3 Re8 12. Nd2 Rb8 13. Ne4 Nxe4 14. Bxe4 Nd4 15. Bxd4 exd4 16. Nf4 Bd7 17. Rac1 Bg5 18. c5 Bxf4 19. gxf4 Rxe4 20. dxe4 Bh3 21. Rfe1 Qg4+ 22. Qg3 Qxg3+ 23. fxg3 Be6 24. cxd6 cxd6 25. a3 Bb3 26. Rc7 a5 27. Rec1 d5 28. Rc8+ Rxc8 29. Rxc8+ Kh7 30. e5 Bc4 31. Kf2 d3 32. exd3 Bxd3 33. Rc7 Be4 34. Rxf7 d4 1-0

[Event "Tenerife-chT Segunda 1314"]
[Site "Tenerife"]
[Date "2014.02.22"]
[Round "8.1"]
[White "Medina Sanchez, Gines"]
[Black "Iriarte Callejas, Joaquin"]
[Result "1/2-1/2"]
[WhiteElo "1742"]
[BlackElo "1604"]
[PlyCount "121"]
[EventDate "2013.12.14"]
[EventType "team-tourn"]
[EventRounds "15"]
[EventCountry "ESP"]
[SourceTitle "EXT 2015"]
[Source "ChessBase"]
[SourceDate "2014.11.20"]
[SourceVersion "1"]
[SourceVersionDate "2014.11.20"]
[SourceQuality "1"]
[WhiteTeam "La Gomera"]
[BlackTeam "Casa de Venezuela Escuela II"]
[WhiteTeamCountry "ESP"]
[BlackTeamCountry "ESP"]

1. d4 f5 2. Bg5 Nf6 3. Bxf6 exf6 4. e3 d5 5. Bd3 Bd6 6. Nc3 c6 7. Nge2 0-0 8. 0-0 Qc7 9. Ng3 g6 10. Nce2 Be6 11. b3 b5 12. a4 b4 13. Qd2 Nd7 14. c3 Rab8 15. c4 dxc4 16. bxc4 c5 17. d5 Bf7 18. Bc2 b3 19. Bd3 Rb4 20. Ra3 Rfb8 21. a5 Ne5 22. Qc3 Nxd3 23. Qxd3 Be5 24. Rb1 Qb7 25. Nc3 b2 26. Na4 Qc7 27. a6 Be8 28. f4 Bd6 29. Nc3 Rb3 30. Ra2 Qb6 31. Nge2 Qb4 32. Kf2 Bd7 33. Ke1 Bc8 34. Kd2 Qb6 35. Qc2 Bxa6 36. Ra4 Rb4 37. Rxb4 Qxb4 38. Qa4 Qxa4 39. Nxa4 Bxc4 40. Nec3 Kf7 41. Nxb2 Bb5 42. Kc2 Ke7 43. Ra1 a6 44. Nxb5 axb5 45. Ra7+ Kd8 46. Rxh7 Be7 47. Rh6 g5 48. d6 Bxd6 49. Rxf6 Kd7 50. Rxf5 gxf4 51. exf4 Ke6 52. g4 Rh8 53. Rh5 Rxh5 54. gxh5 Bxf4 55. Nd3 Bd6 56. h6 Kf6 57. Nf2 Bxh2 58. Ne4+ Kg6 59. Nxc5 Kxh6 60. Kb3 Bd6 61. Kb4 1/2-1/2

[Event "Tenerife-chT Segunda 1314"]
[Site "Tenerife"]
[Date "2014.02.08"]
[Round "6.2"]
[White "Iriarte Callejas, Joaquin"]
[Black "Bernardez Gonzalez, Roberto"]
[Result "1-0"]
[WhiteElo "1604"]
[BlackElo "1432"]
[PlyCount "107"]
[EventDate "2013.12.14"]
[EventType "team-tourn"]
[EventRounds "15"]
[EventCountry "ESP"]
[SourceTitle "EXT 2015"]
[Source "ChessBase"]
[SourceDate "2014.11.20"]
[SourceVersion "1"]
[SourceVersionDate "2014.11.20"]
[SourceQuality "1"]
[WhiteTeam "Casa de Venezuela Escuela II"]
[BlackTeam "Achinet Gambito de Rey"]
[WhiteTeamCountry "ESP"]
[BlackTeamCountry "ESP"]

1. f4 e6 2. Nf3 d5 3. e3 c5 4. Bb5+ Bd7 5. Qe2 Qb6 6. a4 Nf6 7. 0-0 a6 8. Bxd7+ Nbxd7 9. b3 Be7 10. Bb2 0-0 11. Ne5 Rad8 12. d3 d4 13. a5 Qa7 14. Nd2 Nd5 15. exd4 cxd4 16. Ndc4 Nxe5 17. Nxe5 Rfe8 18. Nc4 Bf6 19. Rae1 Qb8 20. Qg4 b5 21. axb6 Nxb6 22. f5 e5 23. Bc1 Nxc4 24. bxc4 Rd7 25. Bg5 Bxg5 26. Qxg5 f6 27. Qd2 Qa8 28. Ra1 Qc6 29. Qa5 Ra7 30. Rfb1 Qd7 31. Qb6 Rea8 32. g4 Re8 33. Rxa6 Rxa6 34. Qxa6 Qc8 35. Qxc8 Rxc8 36. Kf2 Ra8 37. Rb2 g6 38. c5 Rc8 39. Rb5 Kg7 40. Kf3 h5 41. h3 hxg4+ 42. hxg4 g5 43. Ke4 Ra8 44. Kd5 Rd8+ 45. Ke6 Re8+ 46. Kd7 Ra8 47. c6 Ra7+ 48. c7 Rxc7+ 49. Kxc7 Kh7 50. Kd6 Kg7 51. Ke6 Kh7 52. Kxf6 Kg8 53. Rb7 Kh8 54. Kg6 1-0

[Event "Tenerife Navidad op 24th"]
[Site "Tenerife"]
[Date "2013.12.26"]
[Round "8"]
[White "Laino Alvarez, Marcos"]
[Black "Iriarte Callejas, Joaquin"]
[Result "1-0"]
[WhiteElo "1922"]
[BlackElo "1604"]
[PlyCount "55"]
[EventDate "2013.12.13"]
[EventType "swiss"]
[EventRounds "9"]
[EventCountry "ESP"]
[SourceTitle "CBM 158 Extra"]
[Source "ChessBase"]
[SourceDate "2014.02.28"]
[SourceVersion "1"]
[SourceVersionDate "2014.02.28"]
[SourceQuality "1"]

1. Nf3 f5 2. g3 Nf6 3. Bg2 e6 4. 0-0 d5 5. d3 Bd6 6. Nbd2 0-0 7. Re1 Nbd7 8. e4 fxe4 9. dxe4 dxe4 10. Nxe4 Nxe4 11. Rxe4 Nf6 12. Re1 Qe7 13. Qe2 c6 14. c4 Bd7 15. Bd2 Rae8 16. Bc3 Kh8 17. Qd2 Bc7 18. Rad1 Bc8 19. Be5 Rd8 20. Qc2 Bxe5 21. Nxe5 Rxd1 22. Rxd1 Qc5 23. Qc3 Ng8 24. Rd2 Rf5 25. Nd3 Qf8 26. Be4 Rf6 27. Ne5 Ne7 28. Qa5 1-0

[Event "Tenerife Navidad op 24th"]
[Site "Tenerife"]
[Date "2013.12.19"]
[Round "5"]
[White "Iriarte Callejas, Joaquin"]
[Black "Dos Reis Cabrera, Jose Manuel"]
[Result "1-0"]
[WhiteElo "1604"]
[BlackElo "1237"]
[PlyCount "55"]
[EventDate "2013.12.13"]
[EventType "swiss"]
[EventRounds "9"]
[EventCountry "ESP"]
[SourceTitle "CBM 158 Extra"]
[Source "ChessBase"]
[SourceDate "2014.02.28"]
[SourceVersion "1"]
[SourceVersionDate "2014.02.28"]
[SourceQuality "1"]

1. e4 e5 2. Nf3 Nc6 3. d4 exd4 4. Bc4 Bc5 5. c3 Qf6 6. 0-0 d6 7. Bg5 Qg6 8. Qd2 Nge7 9. Nh4 Qxe4 10. Re1 dxc3 11. Qxc3 Qd4 12. Qxd4 Bxd4 13. Nc3 Ne5 14. Bxe7 Bxc3 15. bxc3 Nxc4 16. Bxd6+ Be6 17. Bxc7 0-0 18. Rab1 b6 19. Rb4 Na5 20. a3 Rac8 21. Bd6 Rfd8 22. Bf4 Rxc3 23. a4 Nc6 24. Rbe4 h6 25. Nf3 Rcd3 26. h3 Kf8 27. Rc1 Nd4 28. Ne5 1-0

[Event "Gran Canaria Vecindario op 1st"]
[Site "Gran Canaria"]
[Date "2013.08.05"]
[Round "6"]
[White "Iriarte Callejas, Joaquin"]
[Black "Cruz Ramirez, Nauzet"]
[Result "1/2-1/2"]
[WhiteElo "1560"]
[BlackElo "1819"]
[PlyCount "75"]
[EventDate "2013.08.01"]
[EventType "swiss"]
[EventRounds "7"]
[EventCountry "ESP"]
[SourceTitle "EXT 2015"]
[Source "ChessBase"]
[SourceDate "2014.11.20"]
[SourceVersion "1"]
[SourceVersionDate "2014.11.20"]
[SourceQuality "1"]

1. f4 c5 2. Nf3 d6 3. e3 Nf6 4. d4 cxd4 5. exd4 g6 6. Bd3 Bg7 7. 0-0 0-0 8. c3 a6 9. Nbd2 b6 10. Qe2 Bb7 11. Ng5 Nbd7 12. f5 Re8 13. fxg6 hxg6 14. Bxg6 Rf8 15. Bd3 e5 16. Nde4 Qe7 17. Nxf6+ Nxf6 18. Be3 e4 19. Bc2 b5 20. Rf4 d5 21. Raf1 Bc8 22. Rh4 Be6 23. Rxf6 Qxf6 24. Qh5 Bf5 25. Nh7 Qg6 26. Nxf8 Kxf8 27. Qxg6 Bxg6 28. Bh6 Rc8 29. Bb3 Rd8 30. Bxg7+ Kxg7 31. Kf2 Kf6 32. Ke3 Kg5 33. Rf4 Rd6 34. h4+ Kh5 35. Bd1+ Kh6 36. g4 Kg7 37. h5 Bh7 38. g5 1/2-1/2